[Event "Presidents Cup "]
[Site "Elista"]
[Date "1998.05.15"]
[Round "3.3"]
[White "Tiviakov, Sergei"]
[Black "Khalifman, Alexander"]
[Result "1/2-1/2"]
[WhiteElo "2640"]
[BlackElo "2660"]
[Annotator "Tiviakov,S"]
[PlyCount "63"]
[EventDate "1998.05.07"]
[EventType "k.o."]
[EventRounds "6"]
[EventCountry "RUS"]
[SourceTitle "CBM 065"]
[Source "ChessBase"]
[SourceDate "1998.08.06"]
[SourceVersion "1"]
[SourceVersionDate "1998.08.06"]
[SourceQuality "1"]

1. e4 c5 2. Nf3 d6 3. d4 cxd4 4. Nxd4 Nf6 5. Nc3 Nc6 6. Bg5 e6 7. Qd2 Be7 8.
O-O-O Nxd4 9. Qxd4 a6 10. f4 b5 11. Bxf6 gxf6 12. Be2 Qc7 13. f5 Qc5 14. Qxc5
dxc5 15. fxe6 fxe6 16. Bh5+ Kf8 17. e5 (17. Rhf1 $5 Ra7 18. e5 f5 19. g4 Kg7 (
19... Rd7 $2 20. Rde1 Kg7 21. gxf5 exf5 22. e6 Rd6 23. Rxf5 Rxe6 24. Rf7+ {
1-0 Lugovoi,Aleksei-Huzman,Alexander/Beer-Sheva (8) 1998}) 20. Rd3 c4 21. Rh3
Rf8 22. gxf5 Rxf5 23. Rxf5 exf5 $15 24. Rg3+ Kh6 25. Rh3 Bg5+ 26. Kd1 Rd7+ 27.
Ke1 Re7 28. Be2+ Kg6 29. Rg3 f4 30. Rg1 Rxe5 31. h4 f3 32. hxg5 fxe2 33. Nxe2
Rxg5 34. Rf1 Re5 35. Rg1+ Kf6 36. Kf2 Rf5+ $17 {Tseitlin,Mark D-Epishin,
Vladimir/St. Petersburg (7) 1997/1/2-1/2 (66)}) 17... f5 18. g4 Ra7 $1 (18...
b4 19. Ne2 $14 Ra7 (19... Bg5+ 20. Kb1 Ke7 21. gxf5 exf5 22. Rhg1 Bh6 23. Bf3
Rb8 24. Rd6 Be6 25. Bd5 Bxd5 26. Rxh6 Rbg8 27. Rg3 Rg4 28. Rf6 (28. Rxg4 fxg4
29. Nf4 Be4 30. Re6+ Kd7 31. Rd6+ Ke7 32. Re6+ Kd7 33. Rd6+ Ke7 34. Re6+ {
1/2-1/2 Alonso,Salvador-Zarnicki,Pablo/Buenos Aires (1) 1998}) 28... Re4 29.
Rg7+ Ke8 30. Rb6 Kf8 31. Rc7 Bf7 32. Nc1 Rxe5 33. Nd3 Re6 34. Rb8+ Be8 35. b3
Rg8 36. Rxc5 Rg1+ 37. Kb2 Rf1 38. Rxb4 Re2 39. h4 Bd7 40. Rd4 Bb5 41. Nf4 Ree1
42. Rxf5+ Ke7 43. Rh5 Kf6 44. Nd5+ Kg6 45. Rg5+ Kf7 46. Nc7 Be2 47. Rd7+ Kf6
48. Rxh7 Bf3 49. Rh6+ {1-0 Perunovic,Milos-Izoria,Zviad/Moscow (6) 1998}) 20.
gxf5 exf5 21. Nf4 Bg5 22. Kb1 Bxf4 23. Rd8+ Kg7 24. Rg1+ Bg5 25. Rd6 Rf8 26.
Rxg5+ Kh8 27. Rf6 Rd8 28. Rc6 Rad7 29. b3 Rd5 30. e6 Re5 31. Bf7 Re1+ 32. Kb2
f4 33. Rcxc5 Bxe6 34. Bxe6 Rxe6 35. Rcf5 Re4 {Palac,Mladen-Smirin,Ilia/Pula (3)
1997/1-0 (49)}) 19. gxf5 (19. Rhf1 {- 17.Rhf1 Ra7 18.e5 f5 19.g4}) 19... exf5
20. Nd5 Kg7 $1 (20... Bg5+ $2 21. Kb1 Be6 22. Rhg1 Rg8 23. Nf4 $1 $18 Bxf4 24.
Rd8+ Ke7 25. Rdxg8 Bxg8 26. Rg7+ Ke6 27. Rxa7 Kxe5 28. h4 (28. h3 h6 29. Rxa6
Be3 30. Be2 b4 31. a4 Bd5 32. a5 c4 33. Bf1 b3 34. cxb3 Be4+ 35. Ka1 $18 {
Short,Nigel D-Yermolinsky,Alex/Wijk aan Zee (10) 1997/1/2-1/2 (82)}) 28... Be3
29. Rg7 Bd5 30. Rxh7 f4 31. Re7+ Kf6 32. Re8 Bf2 33. Rf8+ Ke5 34. Bg6 Bxh4 35.
Rf5+ Ke6 36. Rxf4 Be7 37. Bf7+ Ke5 38. Rf2 Bb7 39. Re2+ Kf6 40. Bg8 Bc8 41. Bd5
c4 42. a4 {1-0 Delchev,Aleksander-Nikolac,Juraj/Pula (4) 1998}) 21. Rhg1+ Kh6
22. Rd3 Bg5+ 23. Kb1 f4 (23... Kxh5 24. Rh3+ Kg6 25. Nf4+ Kf7 26. Rxg5 $16) 24.
Bg4 Bxg4 25. Rxg4 c4 $1 $146 (25... Kh5 26. Rg1 Rf8 27. Rf3 Rf5 28. h4 $1 $16
Bd8 29. Nxf4+ Kh6 30. Rd1 Bc7 31. Rd7 Bb8 32. Rxa7 Bxa7 33. c4 Rxe5 34. Ra3 Bb8
35. Rxa6+ Kg7 36. Ne6+ Kf7 37. Nd8+ Ke8 38. Nc6 Re1+ 39. Kc2 Bg3 40. cxb5 {
Van Den Doel,Erik-Epishin,Vladimir/Graz (6) 1997/1-0 (57)}) 26. Rd1 (26. Rh3+
Kg6 27. Nxf4+ $140 Kf5) 26... Rd8 27. h4 Rad7 $1 (27... Be7 28. Rxf4 Rad7 29.
Rfd4 Bc5 30. e6 $1 (30. R4d2 $5) 30... Rd6 (30... Bxd4 31. exd7 $18) 31. e7 $16
) 28. Rxg5 (28. hxg5+ Kg7 29. Rxf4 Rxd5 30. Rxd5 Rxd5 {/\Re5, ><g5}) 28... Rxd5
29. Rxd5 Rxd5 30. Kc1 f3 31. Rf5 Kg6 32. Rg5+ $11 (32. Rxf3 Rxe5 $11) 1/2-1/2

[Event "Presidents Cup "]
[Site "Elista"]
[Date "1998.05.17"]
[Round "4.2"]
[White "Dreev, Alexey"]
[Black "Khalifman, Alexander"]
[Result "1/2-1/2"]
[WhiteElo "2630"]
[BlackElo "2660"]
[Annotator "Dreev,A"]
[PlyCount "125"]
[EventDate "1998.05.07"]
[EventType "k.o."]
[EventRounds "6"]
[EventCountry "RUS"]
[SourceTitle "CBM 065"]
[Source "ChessBase"]
[SourceDate "1998.08.06"]
[SourceVersion "1"]
[SourceVersionDate "1998.08.06"]
[SourceQuality "1"]

1. d4 Nf6 2. c4 g6 3. Nc3 d5 4. Nf3 Bg7 5. Bf4 O-O 6. Rc1 dxc4 7. e4 c5 8. dxc5
Qa5 9. e5 Rd8 10. Bd2 Ng4 11. Bxc4 Nc6 12. Nb5 Rxd2 13. Qxd2 Qxd2+ 14. Kxd2 $1
$146 (14. Nxd2 Ngxe5 15. O-O Bf5 16. Rcd1 Bc2 17. Rc1 Bf5 18. Rcd1 Bc2 {
1/2-1/2 Van Wely-Khalifman/Ter Apel/1993/}) 14... Ngxe5 (14... Nxf2 $140 $2 15.
Rhf1 Ng4 16. Nc7 Rb8 17. e6 $16) (14... Bh6+ $140 $2 15. Ke2 Bxc1 16. Rxc1
Ngxe5 17. Nxe5 Nxe5 18. Bd5) 15. Nxe5 Bxe5 $1 16. Ke3 $1 Bf5 (16... Bxb2 17.
Rb1 $16) 17. Nc3 Bd4+ 18. Ke2 Bxc5 19. Rhd1 Bd4 20. h3 h5 21. Bd3 (21. Bd5 $142
e5 22. b3 $16) 21... Be6 22. Be4 Be5 23. Ke3 g5 24. g3 Bxh3 25. Rh1 g4 26. Ne2
Bg7 27. Nf4 Bh6 28. Bxc6 bxc6 29. Rc5 h4 30. Rh5 Kg7 31. Rxh6 $2 (31. Ke4 $16)
31... Kxh6 32. Nxh3 gxh3 33. Rxh3 Kg6 34. Rxh4 Kf5 35. Rc4 Rc8 36. Kd4 Rd8+ 37.
Ke3 Rc8 38. Kd4 Rd8+ 39. Kc3 Rc8 (39... Rd1 40. Rf4+ Ke6 41. Re4+ Kf6 (41...
Kd6 $2 42. Rd4+) 42. Re2 $1) 40. b4 Ke5 41. Rc5+ Kd6 42. Rf5 f6 43. Ra5 Ra8 $1
44. Kd4 e5+ 45. Ke4 Ke6 46. Ra6 f5+ 47. Ke3 Kd6 48. a3 Rh8 49. Rxa7 (49. b5 $5
Rc8 $1) 49... Rh1 50. Ra8 Rb1 51. Rd8+ Ke6 52. Rd3 Re1+ 53. Kd2 Ra1 54. Ke2
Ra2+ 55. Ke3 Ra1 56. Rc3 Kd6 57. f4 Ra2 58. fxe5+ Kxe5 59. Kf3 Ra1 60. Re3+ Kf6
61. Rc3 Ke5 62. Rc5+ Kd6 63. Rc3 1/2-1/2

[Event "Presidents Cup "]
[Site "Elista"]
[Date "1998.05.19"]
[Round "5.1"]
[White "Ivanchuk, Vassily"]
[Black "Khalifman, Alexander"]
[Result "1-0"]
[WhiteElo "2740"]
[BlackElo "2660"]
[Annotator "Atlas,V"]
[PlyCount "127"]
[EventDate "1998.05.07"]
[EventType "k.o."]
[EventRounds "6"]
[EventCountry "RUS"]
[SourceTitle "CBM 065"]
[Source "ChessBase"]
[SourceDate "1998.08.06"]
[SourceVersion "1"]
[SourceVersionDate "1998.08.06"]
[SourceQuality "1"]

1. e4 c5 2. Nf3 d6 3. d4 cxd4 4. Nxd4 Nf6 5. Nc3 Nc6 6. f3 e5 7. Nb3 Be7 8. Be3
O-O 9. Qd2 a5 10. Bb5 Na7 ({The most popular continuation. The alternative is} 
10... Be6 11. Nd5 (11. Rd1 Nb4 12. a3 Na6 13. Qf2 Nc7 14. Nc5 Qc8 15. Nxe6 fxe6
16. Qe2 d5 17. exd5 exd5 18. Bf2 Nxb5 19. Qxb5 d4 20. Nd5 {1/2-1/2 Grosar,
A-Popovic,P/JUG-ch 1991 (29)}) 11... Bxd5 12. exd5 Na7 13. Be2 a4 14. Nc1 Qc7
15. c4 b5 16. b3 bxc4 17. bxc4 Nc8 18. Rb1 Rb8 19. Rxb8 Qxb8 {1/2-1/2
Podlesnik,B-Gschnitzer,O/Vienna op 1990 (40)}) 11. Bd3 ({Another popular move
is} 11. Be2 Bd7 (11... Be6 12. O-O Nc8 13. Rfd1 Nb6 14. Kh1 a4 {1/2-1/2 Gomez
Esteban,J-Garcia Ilundain,D/ESP-chT 1996}) 12. a4 Nc6 13. Nd5 Nxd5 14. exd5 Nb4
15. c3 (15. O-O Qc7 16. c3 Na6 17. f4 f5 18. Rfd1 Bf6 19. Bb5 Nb8 20. fxe5 Bxe5
21. Nd4 Bxb5 22. Ne6 {1/2-1/2 Podlesnik,B-Gostisa,L/Vidmar mem 1989 (28)})
15... Na6 16. O-O h6 17. Bb5 Nb8 18. Qe2 {1/2-1/2 Magem Badals,J-Greenfeld,A/
Pamplona9394 1993}) 11... Nc6 12. Bb5 Na7 13. Bd3 Nc6 14. a3 Be6 15. Rd1 h6 (
15... d5 $2 {fails to} 16. exd5 Nxd5 17. Nxd5 Bxd5 18. Bxh7+ $16) 16. O-O Nd7
17. Bb5 Qc7 18. Kh1 Nb6 (18... Rac8 {was an option here.}) 19. Qe2 Rfd8 (19...
Bg5 20. Bxb6 ({another option is} 20. Bxg5 hxg5 21. Qd2) 20... Qxb6 21. Rxd6 {
does not seem to offer a sufficient compensation for a pawn.}) (19... Na7 {
fails to} 20. Nxa5) (19... Rad8 {is strongly met by} 20. Nd5 Bxd5 21. exd5) 20.
Qf2 (20. Nd5 {also deserved attention here, but the text move seems to be the
strongest continuation.}) 20... Nd7 (20... Nc4 {admits obvious refutation:} 21.
Bxc4 Bxc4 22. Bb6 Qd7 23. Bxd8 Bxf1 24. Bxe7) 21. Ba4 ({Vacating the b5-square
for the knight or, eventually, rook.} 21. Na4 $5 {provoking} Bg5 $6 22. Nb6
Rab8 23. Nxd7 Bxe3 (23... Qxd7 24. Nxa5) (23... Rxd7 24. Bb6 $16) 24. Nf6+ $16
{was a plausible alternative.}) 21... Bc4 22. Nd5 Bxd5 23. Rxd5 {This is
stronger than 23.ed5 Ncb8. White is planning to keep the chronically weak
d-pawn under pressure.} Bg5 24. Bxg5 hxg5 25. Rb5 Ra6 26. Rd5 Raa8 27. Qe2 Nf8
28. c3 Ne6 29. Rfd1 Na7 (29... Nf4 {is met by} 30. Qc4) 30. g3 Nc8 31. R5d2 Nb6
32. Bb5 g6 33. Kg2 Kg7 34. Qe3 Nc4 (34... Nc8 {deserved attention here,
although White has a superior position at any rate.}) 35. Bxc4 Qxc4 36. Nc1 Qc6
37. Nd3 Kf8 $2 ({This move allow White to undertake effective operations on
the kingside.} 37... Rh8 38. Nf2 Rad8 {was to be preferred.}) 38. h4 $1 {
[%cal Ge3h6,Gh6h4,Gh4e7] This excellent move yields White a large advantage.}
gxh4 39. Qh6+ Ke7 ({Or} 39... Ke8 40. Qh8+ {and Black has nothing better than}
Ke7 $18 ({in view of} 40... Kd7 41. Nxe5+ $18) ({or} 40... Nf8 41. Nxe5 $18))
40. Qxh4+ g5 ({Black cannot avoid weakening of the f5-square, which is now
accessible to the white queen and knight, since} 40... Ke8 {is bad in view of}
41. Qf6) 41. Qg4 Rh8 42. Nf2 Rag8 {[%csl Rd6][%cal Gf2g4,Gg4e3,Ge3f5,Ge3d5,
Yg4f5,Yd1d6] Threatening by 43...Nf4+.} ({After} 42... Rad8 43. Qf5 {followed
by 44.Ng4 Black's position is unbearable.}) 43. Rxd6 $1 {Well-deliberated and
strategically firmly grounded undertaking. Exchanging his rook pair for the
queen, White achieves excellent interaction between his queen and knight,
developing very dangerous initiative.} Qxd6 44. Rxd6 Kxd6 45. Qf5 {[%csl Re5]
[%cal Gf2g4,Gg4e5,Gf5e5] The threats 46.Ng4 and 46.Nd3 force Black to
sacrifice his f-pawn.} f6 46. Qxf6 Rf8 47. Qg6 Rfg8 48. Qf7 Rg7 (48... Rf8 {
is bad in view of} 49. Qxb7) 49. Qf6 Rf8 50. Qh6 Rgf7 51. Qh5 a4 52. Nd3 b5 53.
Kf2 Nc5 54. Nxe5 $1 {The decisive blow! After this move Black is entirely
defenseless.} Nxe4+ (54... Kxe5 {loses immediately in view of} 55. Qxg5+ Kd6
56. Qd5+) 55. Ke3 Kxe5 56. fxe4 {With two pawns up and excellent prospects to
win all remaining Black pawns, White is comfortably converting his decisive
advantage.} Rg7 57. Qd1 {White's mobile queen is aiming at Black's weak pawns
on the queenside.} Kf6 58. Qf1+ Ke7 59. Qxb5 g4 60. Qb4+ $1 {Forcing the black
king to set the f-file,since after 60...Ke8 White takes the a4-pawn with check.
} Kf7 61. Qxa4 Kg8 62. Qb5 $1 Kh7 ({Now} 62... Rf3+ 63. Kd4 Rxg3 {fails to} 64.
Qb8+) 63. Qh5+ Kg8 64. Qe5 1-0

[Event "RUS-chT 05th"]
[Site "Maikop"]
[Date "1998.06.05"]
[Round "3"]
[White "Khalifman, Alexander"]
[Black "Dreev, Alexey"]
[Result "1/2-1/2"]
[WhiteElo "2660"]
[BlackElo "2630"]
[Annotator "Epishin,V"]
[PlyCount "50"]
[EventDate "1998.06.03"]
[EventType "team-tourn"]
[EventRounds "11"]
[EventCountry "RUS"]
[SourceTitle "CBM 066"]
[Source "ChessBase"]
[SourceDate "1998.09.30"]
[SourceVersion "1"]
[SourceVersionDate "1998.09.30"]
[SourceQuality "1"]
[WhiteTeam "Sankt Petersburg"]
[BlackTeam "Kazan Sberbank-Tatarstan"]
[WhiteTeamCountry "RUS"]
[BlackTeamCountry "RUS"]

1. e4 c6 2. d4 d5 3. e5 Bf5 4. Nf3 e6 5. Be2 c5 6. Be3 cxd4 7. Nxd4 Ne7 8. c4
Nbc6 9. Qa4 dxc4 10. Na3 Qd7 $5 $146 11. Nxc4 $8 Nd5 12. Nxf5 (12. Nxc6 $5 bxc6
(12... Bb4+ $4 13. Nxb4 Qxa4 14. Nxd5 $18) 13. O-O Be7 14. Rfd1 O-O 15. Rac1
$14) 12... Bb4+ 13. Kf1 (13. Bd2 Bxd2+ 14. Nxd2 exf5 15. O-O O-O 16. Bb5 $8 $11
) 13... exf5 14. Rd1 (14. Bf3 f4 $1 15. Rd1 $4 fxe3 16. Rxd5 (16. Bxd5 $4 e2+
17. Kxe2 Nd4+ $19) 16... e2+ 17. Kxe2 Nd4+ $19) 14... Nxe3+ $2 (14... Qe6 $1
15. a3 (15. Rxd5 Qxd5 16. Nb6 Qxe5 17. Nxa8 O-O $17) (15. Bf3 Nxe3+ $8 16. Nxe3
Rb8 $3 (16... Bc5 17. Bd5 Qc8 18. Nxf5 $1 (18. Bxc6+ bxc6 19. Nxf5 O-O $44)
18... Qxf5 (18... O-O 19. Nd6 Bxd6 20. exd6 $16) 19. Bxc6+ Kf8 20. Bf3 Qxe5 21.
Qb3 $1 $16) 17. Bd5 (17. Nd5 Ba5 (17... O-O 18. Nxb4 Qc4+ 19. Be2 Qxb4 20. Qxb4
Nxb4 21. a3 Nc6 22. f4 $14) 18. Nf4 Qxe5 19. Rd5 Qxb2 20. Rxa5 O-O 21. g3 (21.
Bxc6 Qc1+ 22. Ke2 Qxh1) 21... Nxa5 22. Qxa5 Rbd8 23. Kg2 Rd2 24. Qxa7 b5 $11)
17... Qxe5 18. Bxc6+ bxc6 19. Qxc6+ Kf8 20. Nc4 Qe8 $1 21. Qxe8+ Rxe8 22. h4 h5
23. Rh3 Rh6 $132) 15... Nxe3+ (15... Be7 16. Rxd5 Qxd5 17. Nb6 Qxe5 $1 18. Nxa8
O-O 19. Bf4 Qxb2 20. Nc7 g5 $1 $17) 16. Nxe3 Bc5 17. Bc4 Qg6 $11) 15. Nxe3 Qe6
16. Bc4 Qg6 (16... Qxe5 $2 17. Bb5 $18) (16... Qc8 17. Bb5 Bc5 18. Nxf5 O-O 19.
Nd6 Bxd6 20. exd6 $16) 17. Bb5 f4 $8 18. Nc4 $1 (18. Nd5 $2 O-O-O $36) 18...
Be7 $8 19. Nd6+ Kf8 20. Bxc6 bxc6 21. Qxc6 $2 (21. Qxf4 Rd8 22. g3 h5 23. Kg2
$18) 21... Rd8 22. Qc4 h5 23. Qxf4 h4 24. f3 $2 $138 (24. Ke2 Rh6 25. g3 $2 (
25. Rd4 $5 Bxd6 26. Rhd1 Re8 27. Rxd6 Qxd6 28. Rxd6 Rxd6 29. Qe3 Rd7 30. f4 $14
) 25... Bxd6 26. exd6 Qh5+ $1) 24... Rh5 25. Kf2 Kg8 $44 1/2-1/2

[Event "RUS-chT 05th"]
[Site "Maikop"]
[Date "1998.06.08"]
[Round "6"]
[White "Khalifman, Alexander"]
[Black "Dokutchaev, Aleksander"]
[Result "1/2-1/2"]
[WhiteElo "2660"]
[BlackElo "2425"]
[Annotator "Avrukh,B"]
[PlyCount "65"]
[EventDate "1998.06.03"]
[EventType "team-tourn"]
[EventRounds "11"]
[EventCountry "RUS"]
[SourceTitle "CBM 066"]
[Source "ChessBase"]
[SourceDate "1998.09.30"]
[SourceVersion "1"]
[SourceVersionDate "1998.09.30"]
[SourceQuality "1"]
[WhiteTeam "Sankt Petersburg"]
[BlackTeam "Cherepovets Severstal"]
[WhiteTeamCountry "RUS"]
[BlackTeamCountry "RUS"]

1. d4 d5 2. Nf3 e6 3. g3 c5 4. Bg2 Nc6 5. O-O Bd7 6. c4 dxc4 7. Na3 (7. dxc5
Bxc5 8. Nbd2 Na5 $6 9. Ne4 $1 Qb6 10. Nxc5 Qxc5 11. Be3 Qc7 12. Bf4 Qb6 13. Ne5
$36 {Wockenfuss,K-Eng,H/BL8485 1985 (28)}) (7. Nc3 $5 Nf6 8. Bg5 Be7 9. Bxf6
Bxf6 10. dxc5 Bxc3 11. bxc3 O-O 12. Rb1 Qc7 13. Qd6 $14 {Haik,A-Roos,L/FRA-ch
1987 (50)}) 7... cxd4 8. Nxc4 Bc5 9. Bf4 Nge7 (9... f6 10. Nd6+ Bxd6 11. Bxd6
e5 12. Qb3 Qb6 13. Qa3 $44 {Summermatter,D-Csiszar,C/Zug 1991/1-0 (50)}) (9...
Qe7 $5 10. a3 b5 11. Nce5 Rc8 12. Nxd7 Qxd7 13. Rc1 Bb6 14. Qd3 $14 {Gutman,
L-Eng,H/BL8485 1985/1-0 (51)}) 10. Bd6 Bb6 11. b4 $5 (11. Qb3 $5 O-O 12. Nxb6
axb6 13. Rfd1 e5 14. Nxe5 $6 (14. Bxe5 $14) 14... Be6 15. Bxe7 Bxb3 16. Bxd8
Bxd1 $15 {Yandemirov,V-Sokolov,A/RUS-ch 1995 (73)}) 11... Nf5 12. a4 ({Very
serious attention deserved} 12. g4 $5 Nh4 $6 (12... Nxd6 13. Nxd6+ Kf8 14. Nxb7
(14. b5 $6 Na5 15. Ne5 Be8 $1 16. Nxb7 Nxb7 17. Bxb7 Rb8 $13) 14... Qc7 (14...
Qf6 15. Rc1 $1 Nxb4 16. Nc5 Bxc5 17. Rxc5 $36) 15. Nc5 Bxc5 16. bxc5 e5 17. h3
g6 18. e3 $14) 13. Nxh4 Qxh4 14. b5 Ne7 15. Nxb6 axb6 16. Qxd4 $5 Nf5 17. Qxb6
Nxd6 (17... Qxg4 18. Qxb7 Rc8 19. Bg3 $1 $16) 18. Qxd6 Qxg4 (18... Bxb5 19. Qe5
$1 $16) 19. a4 $1 $16 {[%csl Rb7][%cal Gd6g3,Gb5b6,Ga4a6] in both cases with
better prospects for white.}) 12... Bc8 $1 $13 {After this strong move white
has to be very carefull to kep the balance.} 13. Bf4 (13. Nfe5 Nxe5 $1 (13...
Nxd6 $6 14. Nxc6 bxc6 (14... Qc7 15. Nxb6 axb6 16. Rc1 $1 Qd7 (16... bxc6 17.
Bxc6+ Bd7 18. Bxa8 $18) 17. Ne5 Qxa4 18. Qxd4 $16) 15. Bxc6+ Kf8 16. Nxb6 Rb8
17. Nxc8 Rxc8 18. b5 $16) 14. Bxe5 O-O (14... f6 $5) 15. a5 Bc7 16. Bxc7 Qxc7
17. Rc1 Qe7 $15) 13... Nxb4 14. g4 Nd5 $1 $15 {Black plays the opening in very
ambitious manner and fully succeds!} 15. Bg5 (15. Be5 f6 16. gxf5 fxe5 17. fxe6
Bxe6 18. Nfxe5 O-O $17) 15... Nfe7 (15... f6 $5 16. Bc1 $5 (16. gxf5 fxg5 17.
fxe6 Bc5 $5 18. Nce5 (18. Nxd4 $2 Nc3 $19) 18... Bxe6 19. Nxd4 Bxd4 20. Qxd4
Nf4 $1 $17) 16... Nfe7 17. Nxb6 Qxb6 18. a5 Qd8 19. Qxd4 O-O $15) 16. Nxb6 axb6
(16... Qxb6 17. Rb1 $1 Qa6 18. Qxd4 $2 (18. Nxd4 f6 (18... Nc3 19. Nb5 $1 Nxb5
20. axb5 Qb6 21. Be3 $44) 19. Nb5 $1 fxg5 20. e4 $44) 18... f6 19. e4 Nc6 $17)
17. Qxd4 f6 18. e4 $1 fxg5 (18... e5 $6 19. Nxe5 fxe5 20. Qxe5 Nf6 21. Rad1 Bd7
22. Bxf6 gxf6 23. Qxf6 $36) 19. exd5 O-O 20. dxe6 (20. d6 $6 Nc6 21. Qd2 Ra5 $1
{[%csl Rd6]} 22. Rad1 Rd5 $17) 20... Bxe6 21. Rfe1 Nc6 $1 22. Qxd8 Nxd8 {
Black still keeps slightly better chanses,but the position is very close to a
draw.} 23. h3 (23. Nxg5 $6 Bxg4 24. Re7 (24. Bd5+ Kh8 25. Re7 Ra5 $1 $17) 24...
Ra5 $1 25. h4 b5 26. Bd5+ Kh8 27. Bb3 h6 $17) 23... h6 24. Ne5 Rf4 $6 {
Permitting white to equalize.} (24... Ra5 $5 $15) 25. Be4 Ra5 26. Ng6 Rf6 27.
Rad1 Ra8 (27... Nf7 28. Bf5 $5 Bxf5 29. Re8+ $1 (29. gxf5 $6 Ra8 30. Rd7 Kh7
$17) 29... Kh7 30. Nf8+ $11) 28. Ne7+ Kf7 29. Nd5 $11 Bxd5 30. Rxd5 Ne6 31.
Rd7+ Kf8 32. Bxb7 Nc5 33. Bxa8 1/2-1/2

[Event "RUS-chT 05th"]
[Site "Maikop"]
[Date "1998.06.11"]
[Round "9"]
[White "Fominyh, Alexander"]
[Black "Khalifman, Alexander"]
[Result "1/2-1/2"]
[WhiteElo "2530"]
[BlackElo "2660"]
[Annotator "Huzman,A"]
[PlyCount "54"]
[EventDate "1998.06.03"]
[EventType "team-tourn"]
[EventRounds "11"]
[EventCountry "RUS"]
[SourceTitle "CBM 066"]
[Source "ChessBase"]
[SourceDate "1998.09.30"]
[SourceVersion "1"]
[SourceVersionDate "1998.09.30"]
[SourceQuality "1"]
[WhiteTeam "Elista Uralan"]
[BlackTeam "Sankt Petersburg"]
[WhiteTeamCountry "RUS"]
[BlackTeamCountry "RUS"]

1. d4 Nf6 2. Nf3 g6 3. g3 Bg7 4. Bg2 O-O 5. O-O d6 6. c4 Nc6 7. Nc3 a6 8. e3 e5
9. b3 (9. d5 Ne7 10. e4 c5 11. a4 Ne8 12. Ne1 f5 13. Nd3 Nf6 14. Ra3 fxe4 15.
Nxe4 Nxe4 16. Bxe4 Bh3 17. Re1 Qd7 18. f3 Bf5 19. a5 $14 {Ionov,S-Zlotnik,B/
Moscow7 op 1991/1/2-1/2 (47)}) 9... Bf5 $1 {[%csl Re4]} 10. Bb2 exd4 11. exd4 (
11. Nxd4 Nxd4 12. exd4 c6 $11) 11... Re8 (11... Qd7 12. d5 Nb4 13. Ne1 a5 $132
(13... Rfe8 14. a3 Rxe1 15. Rxe1 Nc2 16. Qd2 $14 {/=})) (11... d5 12. Ne5 $36)
12. Ne1 (12. d5 Nb4 13. Nd4 (13. Ne1 a5 $132 (13... Rxe1 14. Rxe1 Nd3 15. Qd2
$14)) 13... Qd7 $36 {[%cal Yb4d3]}) 12... Qd7 (12... Nxd4 $2 13. Qxd4 Ne4 14.
Qxg7+ Kxg7 15. Nxe4+ $16) (12... Ne4 13. Nd5 $14 {[%cal Gd5e3]}) 13. Qd2 {
[%cal Ga1d1,Ge1c2,Gc2e3]} h5 14. Rd1 Rab8 15. Nc2 Bh3 16. Ne3 Bxg2 17. Kxg2 Ne7
(17... b5 $1 18. cxb5 (18. Ncd5 bxc4 19. Nxf6+ Bxf6 20. Nd5 Bg7 21. bxc4 Ne7
$36) 18... axb5 19. d5 Ne5 $132 {for example:} 20. h3 b4 21. Ne2 Nf3 $1 22.
Kxf3 $140 $2 (22. Qc2 $142 Ng5 $36) 22... Ne4 23. Qc2 Ng5+ $19) 18. Qd3 b5 19.
d5 Ng4 (19... bxc4 20. Nxc4 $14) 20. Nxg4 Qxg4 (20... bxc4 21. Qxc4 Qxg4 22.
Qxg4 (22. Qd3 $11) 22... hxg4 23. Rfe1 $11) 21. cxb5 axb5 22. h3 Qf5 23. Qxf5
Nxf5 24. Rd2 $11 b4 25. Na4 Rb5 26. Bxg7 Kxg7 27. Rc1 Re5 1/2-1/2